Education in Asia and the Pacific:Review reports and notes (Record no. 1382279)

MARC details
000 -LEADER
fixed length control field 00631nam a2200181Ia 4500
005 - DATE AND TIME OF LATEST TRANSACTION
control field 20250508163321.0
008 - FIXED-LENGTH DATA ELEMENTS--GENERAL INFORMATION
fixed length control field 008 250505s9999 xx 000 0 eng d
037 ## - SOURCE OF ACQUISITION
Stock number Textual
040 ## - CATALOGING SOURCE
Original cataloging agency FEDL
Language of cataloging eng
Transcribing agency FEDL
041 ## - LANGUAGE CODE
Language code of text/sound track or separate title eng
Source of code eng
084 ## - COLON CLASSIFICATION NUMBER
Classification number 379.5, UNE
Assigning agency FEDL
245 #0 - TITLE STATEMENT
Title Education in Asia and the Pacific:Review reports and notes
245 #0 - TITLE STATEMENT
Statement of responsibility, etc. UNESCO: Principal Regional Office for Education in Asia and the Pacific (Bngkok)
260 ## - PUBLICATION, DISTRIBUTION, ETC.
Place of publication, distribution, etc. Bangkok, Thailand
Name of publisher, distributor, etc. UNESCO Regional Office for Education in Asia and the Pacific
Date of publication, distribution, etc. 1988
300 ## - PHYSICAL DESCRIPTION
Extent 122p
942 ## - ADDED ENTRY ELEMENTS (KOHA)
Koha item type Textual
Classification part 379.5, UNE
Holdings
Withdrawn status Lost status Damaged status Not for loan Home library Current library Date acquired Total Checkouts Full call number Barcode Date last seen Price effective from Koha item type
        Department of Education Library Department of Education Library 2025-05-08   379.5, UNE EL0075586 2025-05-08 2025-05-08 Textual
Copyright @ Delhi University Library System